| 000 | 00487nam a2200205Ia 4500 | ||
|---|---|---|---|
| 005 | 20250425161457.0 | ||
| 008 | 250425s9999 xx 000 0 und d | ||
| 020 | _a0024270504 | ||
| 041 | _aeng | ||
| 082 | _a808.51 | ||
| 100 | _aWHITE, EUGENE E. | ||
| 245 | 0 | _aPRACTICAL PUBLIC SPEAKING | |
| 250 | _a4TH ED. | ||
| 260 |
_aEstados Unidos _bMACMILLAN PUBLISHING _c1982 |
||
| 260 | _aNEW YORK | ||
| 300 | _a391 | ||
| 650 | _aCOMUNICACION ORAL | ||
| 942 | _c01 | ||
| 010 | _a21200 | ||
| 999 |
_c210047 _d210047 |
||